000 00192 a2200097 4500
001 497
100 _aBolz,RW
245 _aProduction Processes
260 _a
_bPrinceton
_c
090 _c109
_d109
942 _aNUST-CAE
_cM
_c1002
999 _c235570
_d235570